00274nam a22001097a 4500020001800000040000900018082001500027100001800042245001900060260003700079650004800116 a9781909489424 cNUST a813.6bDAS aJames Dashner aThe Death Cure aNew York:bChicken House,c2013. aBook 3 in th bestselling Maze Runner series